Előnyös szakma az építőipar évente ötszáz tanulót várnak

Elmentve itt :
Bibliográfiai részletek
Dokumentumtípus: Cikk
Megjelent: 1970-03-27
Sorozat:Délmagyarország 60 No. 73
Kulcsszavak:Csongrád Megyei Építőipari Vállalat 1970- DÉLÉP, Építőipar helyzete Szeged 1970, Szakmunkásképzés Szeged 1970
Online Access:http://dmarchiv.bibl.u-szeged.hu/66341
LEADER 00547nab a2200145 i 4500
001 delm66341
005 20180927153652.0
008 180927s1970 hu o 0|| hun d
040 |a SZTE Délmagyarország Archívum  |b hun 
041 |a hun 
245 0 0 |a Előnyös szakma az építőipar   |h [elektronikus dokumentum] :  |b évente ötszáz tanulót várnak 
260 |c 1970-03-27 
300 |a 5 
490 0 |a Délmagyarország  |v 60 No. 73 
695 |a Csongrád Megyei Építőipari Vállalat 1970- DÉLÉP, Építőipar helyzete Szeged 1970, Szakmunkásképzés Szeged 1970